| 000 | 00591nam a2200193Ia 4500 | ||
|---|---|---|---|
| 003 | GCL | ||
| 008 | 140319s9999 xx 000 0 eng d | ||
| 040 |
_aGCL / _cGCL |
||
| 082 | 0 | 4 |
_aCC _b932.041 _bM T |
| 100 | 1 | _aMINISTE'RE D'ETAT OFFAIRES CULTURELLES | |
| 245 | 1 | 0 |
_aTOUTANKHAMON ET SON TEMPS: PETIT PALAIS / _cMINISTE'RE D'ETAT OFFAIRES CULTURELLES |
| 260 |
_a[S.N] : _bMINISTERE D'ETAT AFFAIRES CULTURELLES ، _c1967 |
||
| 300 | _a205 P | ||
| 650 | 0 | 4 | _aANCIENT EGYPT |
| 650 | 0 | 4 | _aTOUTANKHAMON |
| 650 | 0 | 4 | _aEGYPT, 18TH DYNASTY |
| 650 | 0 | 4 | _aEGYPT - CIVILIZATION |
| 942 |
_2ddc _cBK |
||
| 999 |
_c19587 _d19587 |
||